| 000 | 00901nam a22002057a 4500 | ||
|---|---|---|---|
| 999 |
_c12351 _d12351 |
||
| 003 | AR-CdUCM | ||
| 008 | 190408b ||||| |||| 00| 0 spa d | ||
| 040 |
_aMUNICIPALIDAD PROVINCIAL DEL CUSCO _cBIBLIOTECA MUNICIPAL DEL CUSCO |
||
| 082 |
_aC / 338.6 / _bL98 / 2007 |
||
| 100 |
_aLusca Monge, Wilbert _930170 |
||
| 245 | _aCalendario turístico escolar y propuesta de salidas de estudio en Cusco / | ||
| 260 |
_aCusco : _c2007. |
||
| 300 |
_a117 páginas ; _bFotografías, cuadros, _c28 cm. |
||
| 505 | _aContenido: La ciudad imperial del Cusco -- Monumentalidad de la ciudad del Cusco, estructura y funciones de los monumentos -- Historia del sector arquitectónico del coricancha, convento e iglesia de Santo Domingo... | ||
| 650 |
_aCusco histórico _930171 |
||
| 650 |
_aArquitectura inca _924436 |
||
| 650 |
_aMonumentos cusqueños _930172 |
||
| 942 |
_2ddc _cLIBROS |
||
| 945 |
_adavv _d08/04/2019 |
||